000 01328nam0a22003011 4500
001 rc\4980600
005 20260406113950.0
021 _aRU
_b68-67396
021 _aRU
_bРг6495-68
035 _a(NLR Aleph) 008967557
090 _a9103822
_c9103822
100 _a20130430d1968 |||y0rusy50 ca
101 0 _arus
102 _aRU
105 _aa z |||||
200 1 _aРуководство к выполнению курсового проекта "Схема генерального плана аэропорта"
_fВысш. авиац. училище гражд. авиации
210 _aЛенинград
_cБ. и.
_d1968
215 _a67 с.
_cил.
_d21
300 _aНа обороте тит. л. сост.: проф. канд.-техн. наук Ф.Я. Спасский, доц. канд. техн. наук Н.Н. Федоров
300 _aОтпеч. множит. аппаратом
702 1 _aФедоров
_bН.Н.
_4220
702 1 _aСпасский
_bФ.Я.
_gФеодосий Яковлевич
_4220
712 0 2 _aВысшее авиационное училище гражданского воздушного флота
_cЛенинград
_3RU\NLR\AUTH\8810050
_9292642
801 0 _aRU
_bNLR
_gpsbo
801 1 _aRU
_bELAR
_2rusmarc
852 _aNLR
_j68-4/20372
942 _cBOOK
980 _aNB